| 000 | 00483nam a2200169Ia 4500 | ||
|---|---|---|---|
| 008 | 230718s9999 xx 000 0 und d | ||
| 041 | _aeng | ||
| 082 |
_a658.528 _bSMI |
||
| 100 |
_aSmith G.M. _9162712 |
||
| 245 | _aStatistical Process Control And Quality Improvement | ||
| 260 |
_c2000 _bPrentice Hall Of India |
||
| 300 |
_a650 _dRef 115 G (14214) |
||
| 365 |
_cRs. _b3542.75 |
||
| 500 | _a115 GEN | ||
| 700 |
_aSmith G.M. _9162712 |
||
| 906 |
_dB:80124-Jan-2002 _cINST _b531.4125 |
||
| 999 |
_c303007 _d303007 |
||